000 00389nam a22001457a 4500
008 250303b |||||||| |||| 00| 0 eng d
020 _a9780323416375
050 _aQP121
_b.R47
100 _aBeachey Will
245 _aRespiratory Care Anatomy and Physiology Foundations for Clinical Practice
250 _a4th
260 _aMissouri
_bElsevier
_c2018
300 _axiii,442p
942 _cBK
999 _c2037
_d2037